Captain Scarlet by Mysteron Threat Quiz Stats

 Plays Quiz not verified by Sporcle

Also try: Network Acronyms
Challenge
Share
Tweet
Embed
Score 0/32 Timer 08:00
0 Plays Today
Threat Episode % Correct
Our first act of retaliation will be to assassinate your world presidentThe Mysterons
81.5%
You will pay for your unprovoked attack on our complex on mars. We will assassinate the director-general of the united asian republicWinged Assassin
77.8%
You started the shockwave with the attack on our martian complex. We intend to kill one of the Spectrum angels. Spectrum angels, one of you will dieSeek and Destroy
77.8%
The Spectrum organisation will be torn apart from within. A traitor among you will create havoc and destroy moraleTraitor
77.8%
Our next act of retaliation will be to kill the commander-in-chief of Spectrum, Colonel White. Do you hear us, earthmen. We will kill Colonel WhiteWhite as Snow
74.1%
We will continue to take our revenge. You should never have attacked our martian complex. We are about to attack the house of Verdain. Andre Verdain will dieModel Spy
74.1%
Although you have discovered our complex on the moon, it will never reveal its secrets. Anyone who dares to enter will be destroyed. You have been warned. We have not forgottenCrater 101
74.1%
We intend to destroy the world navy complex at Atlantica. Atlantica will be annihilatedFlight to Atlantica
74.1%
Spectrum's headquarters, Cloudbase, is our next objective. We will spare no effort to ensure that Cloudbase is totally destroyedAttack on Cloudbase
74.1%
We will continue to take our revenge. You will pay for your act of aggression. Our next act of retaliation will be to kill time. We will kill timeOperation Time
70.4%
We have seen the greed and corruption within the world in which you live and will take our revenge on it. We will destroy the heart of new york. We have not forgottenThe Heart of New York
70.4%
We have not forgotten your unprovoked attack. To prove how useless it is for you to resist, we will destroy the place of the angelsPlace of Angels
70.4%
You attacked our complex on mars, and you will pay a heavy price. Our next attack of retaliation will be to attack the city of London. Do you hear, earthmen? We will destroy LondonBig Ben Strikes Again
66.7%
We have no quarrel with the moon, and we accept their offer of friendship; but we will continue to take our revenge against the earth. We will be avengedLunarville 7
66.7%
Our next act of retaliation will be to destroy Cloudbase. Do you hear? Spectrum's headquarters, Cloudbase, will be destroyed at midnightDangerous Rendezvous
66.7%
In order to show you your ineffectiveness, we will deal you another crippling blow. We will destroy President Roberts within the next twelve hoursThe Launching
66.7%
Threat Episode % Correct
Our next strike is imminent. We will show you how weak you really are. Within the next four hours we will destroy key links in your frost line defense system. We will be avengedAvalanche
63%
We will continue to take our revenge and deal yet another devastating blow. We will destroy the triumvirate of Europe. The triumvirate of Europe will be destroyedCodename Europa
63%
We will deal another crushing blow. We told you we intend to obliterate the sub-continent of north america. We will be avengedSpecial Assignment
59.3%
We have observed the pathetic attempts of Spectrum to combat us and we have decided to render them powerless. We intend to immobilise the whole of SpectrumFire at Rig 15
59.3%
We have not forgotten. We will destroy the supreme commander of earth forces in the next twenty-four hours. Supreme commander, you have only twenty-four hour to livePoint 783
55.6%
We are going to launch one of your own incendiary rockets and you will have no way of knowing its target. We have not forgotten. We will continue our war of nervesRenegade Rocket
55.6%
The eye that dares to look upon our planet has been destroyed. You will never succeed. You will never discover the secret of the Mysterons. We will be avengedShadow of Fear
55.6%
We intend to deal another devastating blow. We will destroy the world capital, Futura City. Futura will be razed to the groundTreble Cross
55.6%
You are powerless to defeat us. Your much-boasted new space fleet is doomed to failure. We will make certain you never return to our planet, marsNoose of Ice
55.6%
It is useless for you to persist in your futile attempts to defend yourselves. Our next act of retaliation will be to destroy the complex at Najama. Najama will be destroyedInferno
51.9%
We will continue to strike when and where you least expect it. At the appointed hour, as the clock is chiming, the wings of the world will be clippedThe Trap
48.1%
The conference at lake Toma will be sabotaged. We know what you are trying to do, but you will not succeedFlight 104
48.1%
You started the shockwave with your unprovoked attack on our martian complex. This act of aggression will be avenged. You will pay in fullManhunt
40.7%
We know of your pathetic attempts to discover our secrets, but you will never succeed. You will never solve the mystery of the MysteronsSpectrum Strikes Back
33.3%
We have observed the Spectrum organisation's attempts to counter us, but one of the members of Spectrum will betray you all. We will be avengedThe Inquisition
33.3%
Disaster will strike the Atlantic seaboard of north america. We will deal a heavy blow to the prestige of the world. We will continue to take our revengeExpo 2068
29.6%

You're not logged in!

Compare scores with friends on all Sporcle quizzes.
OR
Log In

You Might Also Like...

Show Comments

Extras

Top Quizzes Today


Score Distribution

Your Account Isn't Verified!

In order to create a playlist on Sporcle, you need to verify the email address you used during registration. Go to your Sporcle Settings to finish the process.

Report this User

Report this user for behavior that violates our Community Guidelines.

Details: